Selection and evaluation of alternative contracting methods to accelerate project completion / (Record no. 530089)

000 -LEADER
fixed length control field 02081cam a22004697a 4500
001 - CONTROL NUMBER
control field 15225473
003 - CONTROL NUMBER IDENTIFIER
control field NUST
005 - DATE AND TIME OF LATEST TRANSACTION
control field 20191009122525.0
008 - FIXED-LENGTH DATA ELEMENTS--GENERAL INFORMATION
fixed length control field 080319s2008 dcua bt f000 0 eng c
010 ## - LIBRARY OF CONGRESS CONTROL NUMBER
LC control number 2008925356
020 ## - INTERNATIONAL STANDARD BOOK NUMBER
International Standard Book Number 9780309098076 (pbk.)
020 ## - INTERNATIONAL STANDARD BOOK NUMBER
International Standard Book Number 0309098076 (pbk.)
035 ## - SYSTEM CONTROL NUMBER
System control number (OCoLC)ocn263093941
038 ## - RECORD CONTENT LICENSOR
Staff Name MSOHAIL
040 ## - CATALOGING SOURCE
Original cataloging agency TRL
Transcribing agency TRL
Modifying agency OHDOT
-- PAU
-- IQU
-- DLC
042 ## - AUTHENTICATION CODE
Authentication code pcc
043 ## - GEOGRAPHIC AREA CODE
Geographic area code n-us---
050 00 - LIBRARY OF CONGRESS CALL NUMBER
Classification number TE195
Item number .S53 2008
082 00 - DEWEY DECIMAL CLASSIFICATION NUMBER
Classification number 625.70684
Edition number 22
245 10 - TITLE STATEMENT
Title Selection and evaluation of alternative contracting methods to accelerate project completion /
Statement of responsibility, etc. consultants, Stuart D. Anderson and Ivan Damnjanovic.
260 ## - PUBLICATION, DISTRIBUTION, ETC.
Place of publication, distribution, etc. Washington, D.C. :
Name of publisher, distributor, etc. Transportation Research Board,
Date of publication, distribution, etc. 2008.
300 ## - PHYSICAL DESCRIPTION
Extent 60 p. :
Other physical details ill. ;
Dimensions 28 cm.
490 1# - SERIES STATEMENT
Series statement NCHRP synthesis,
International Standard Serial Number 0547-5570 ;
Volume/sequential designation 379
500 ## - GENERAL NOTE
General note At head of title: National Cooperative Highway Research Program.
500 ## - GENERAL NOTE
General note "Research sponsored by the American Association of State Highway and Transportation Officials in cooperation with the Federal Highway Administration."
500 ## - GENERAL NOTE
General note "A synthesis of highway practice."
504 ## - BIBLIOGRAPHY, ETC. NOTE
Bibliography, etc. note Includes bibliographical references (p. 58-59).
530 ## - ADDITIONAL PHYSICAL FORM AVAILABLE NOTE
Additional physical form available note Also available online.
536 ## - FUNDING INFORMATION NOTE
Project number NCHRP project 20-5, topic 38-12
650 #0 - SUBJECT ADDED ENTRY--TOPICAL TERM
Topical term or geographic name entry element Road construction contracts
Geographic subdivision United States.
9 (RLIN) 21458
650 #0 - SUBJECT ADDED ENTRY--TOPICAL TERM
Topical term or geographic name entry element Highway engineering
Geographic subdivision United States
General subdivision Management.
9 (RLIN) 21278
700 1# - ADDED ENTRY--PERSONAL NAME
Personal name Damnjanovic, Ivan,
Dates associated with a name 1975-
9 (RLIN) 23409
710 2# - ADDED ENTRY--CORPORATE NAME
Corporate name or jurisdiction name as entry element National Research Council (U.S.).
Subordinate unit Transportation Research Board.
9 (RLIN) 23410
710 2# - ADDED ENTRY--CORPORATE NAME
Corporate name or jurisdiction name as entry element National Cooperative Highway Research Program.
9 (RLIN) 20864
710 2# - ADDED ENTRY--CORPORATE NAME
Corporate name or jurisdiction name as entry element American Association of State Highway and Transportation Officials.
9 (RLIN) 19553
710 1# - ADDED ENTRY--CORPORATE NAME
Corporate name or jurisdiction name as entry element United States.
Subordinate unit Federal Highway Administration.
9 (RLIN) 20149
830 #0 - SERIES ADDED ENTRY--UNIFORM TITLE
Uniform title Synthesis of highway practice ;
Volume/sequential designation 379.
9 (RLIN) 23411
856 41 - ELECTRONIC LOCATION AND ACCESS
Materials specified TRB access
Uniform Resource Identifier <a href="http://onlinepubs.trb.org/onlinepubs/nchrp/nchrp_syn_379.pdf">http://onlinepubs.trb.org/onlinepubs/nchrp/nchrp_syn_379.pdf</a>
906 ## - LOCAL DATA ELEMENT F, LDF (RLIN)
a 7
b cbc
c pccadap
d 2
e ncip
f 20
g y-gencatlg
942 ## - ADDED ENTRY ELEMENTS (KOHA)
Source of classification or shelving scheme
Koha item type Book
Holdings
Withdrawn status Lost status Source of classification or shelving scheme Damaged status Not for loan Permanent Location Current Location Date acquired Total Checkouts Full call number Barcode Date last seen Price effective from Koha item type
          School of Civil and Environmental Engineering (SCEE) School of Civil and Environmental Engineering (SCEE) 10/09/2019   625.70684 NIT-11256 10/09/2019 10/09/2019 Book
© 2023 Central Library, National University of Sciences and Technology. All Rights Reserved.